000 00625nam a2200265Ia 4500
005 20260306164113.0
008 008 260114s9999 xx 000 0 eng d
020 _a9780226377131
037 _aEBOOK
040 _aCRL
040 _beng
040 _cCRL
041 _2eng
041 _aeng
084 _qCRL
100 _aJoas, Huebner
_91130004
245 4 _aThe Timeliness Of George Herbert Mead
260 _bUniversity of Chicago Press
260 _c2017
650 _aPhilosophy
856 _uhttps://academic.oup.com/book/30533
942 _cEBOOK
999 _c1712762
_d1712762